| 000 -LEADER |
| fixed length control field |
00401nam a22001337a 4500 |
| 082 ## - DEWEY DECIMAL CLASSIFICATION NUMBER |
| Classification number |
TNC A7x54 Su46 |
| 100 ## - MAIN ENTRY--PERSONAL NAME |
| Personal name |
Sukhwal, B. L. |
| 9 (RLIN) |
22493 |
| 245 ## - TITLE STATEMENT |
| Title |
Modern political geography of India |
| Statement of responsibility, etc |
by B. L. Sukhwal |
| 260 ## - PUBLICATION, DISTRIBUTION, ETC. (IMPRINT) |
| Place of publication, distribution, etc |
New Delhi |
| Name of publisher, distributor, etc |
Sterling |
| Date of publication, distribution, etc |
1985 |
| 300 ## - PHYSICAL DESCRIPTION |
| Extent |
427p. |
| 650 ## - SUBJECT ADDED ENTRY--TOPICAL TERM |
| Topical term or geographic name as entry element |
India - Geopolitics |
| 9 (RLIN) |
24578 |
| 650 ## - SUBJECT ADDED ENTRY--TOPICAL TERM |
| Topical term or geographic name as entry element |
India - Geography |
| 9 (RLIN) |
24579 |
| 650 ## - SUBJECT ADDED ENTRY--TOPICAL TERM |
| Topical term or geographic name as entry element |
Geography, Political - India |
| 9 (RLIN) |
24580 |